• 首页
  • 本馆介绍
  • 公告通知
  • 最新文献
  • 馆藏检索
  • 电子资源
  • 读者导购
  • 参考咨询
  • 我的图书馆
  • 登录
  • 详细信息显示
  • 放入我的书架
  • 预约/预借图书
  • 作者相关作品
  • 分类相关作品
  • 丛书相关作品
  • 出版社相关作品

书目信息

  • 表格格式
  • 工作单格式
  • 卡片格式
题名:
国外殡葬法规汇编
    
 
作者: 靳尔刚 主编
分册: 下册  
出版信息: 北京   中国社会出版社  2003
页数: 381-864
开本: 21cm
丛书名: 国外民政与社会工作法规丛书
单 册:
中图分类: D912.109
科图分类:
主题词: 葬礼--服务业--法规--外国--汇编
电子资源:
ISBN: 7-80146-777-9
000 01247nam0 2200337 450
000 01210nam0 2200325 450
000 01189nam0 2200325 450
000 01152nam0 2200313 450
000 01148nam0 2200301 450
000 01111nam0 2200289 45
001 TS2006022459
005 20061203143930.65
010    @a7-80146-777-9@dCNY90.00
092    @aCN@bTS01-024979
100    @a20060829d2003 em y0chiy0110 ea
101 0  @achi
102    @aCN@b110000
105    @ay z 000yy
200 1  @a国外殡葬法规汇编@Aguo wai bin zang fa gui hui bian@h下册@HXia Ce@f靳尔刚主编@FJin Er Gang Zhu Bian
210    @a北京@c中国社会出版社@d2003
215    @a381-864@d21cm
225 2  @a国外民政与社会工作法规丛书
330    @a本书收集了英国、美国、加拿大、澳大利亚、俄罗斯、德国、法国、荷兰、日本、新加坡、韩国、瑞典等十几个国家的殡葬法规资料,共计100万字。附件:国外殡葬法规研究报告。
410  0 @12001 @a国外民政与社会工作法规丛书
606 0  @a葬礼@x服务业@x法规@y外国@x汇编
690    @aD912.109@v4
701  0 @a靳尔刚@Ajin er gang@f(1946~)@4主编
801  0 @aCN@b中图数据@c20061203
905    @a10447@dD912.109@e280:2
    
    国外殡葬法规汇编.下册/靳尔刚主编.-北京:中国社会出版社,2003
    381-864;21cm.-(国外民政与社会工作法规丛书)
    
    
    ISBN 7-80146-777-9:CNY90.00
    本书收集了英国、美国、加拿大、澳大利亚、俄罗斯、德国、法国、荷兰、日本、新加坡、韩国、瑞典等十几个国家的殡葬法规资料,共计100万字。附件:国外殡葬法规研究报告。
●
相关链接 在E读中查询图书 在五车中查询图书 在当当中查询图书 在豆瓣中查询图书


正题名:国外殡葬法规汇编     索取号:D912.109/280:2         预约/预借

序号 登录号 条形码 馆藏地/架位号 状态 备注
1 0602009   206020090   第一样本阅览室/ [索取号:D912.109/280:2] 在馆    
2 0602010   206020107   第一借阅区/ [索取号:D912.109/280:2] 在馆    
3 0602011   206020116   第一借阅区/ [索取号:D912.109/280:2] 在馆    
唐山师范学院图书馆 欢迎您!
大连网信软件有限公司© 版权所有